| 000 | 00748nam a22002297a 4500 | ||
|---|---|---|---|
| 005 | 20170124105947.0 | ||
| 010 | _aA-953386 | ||
| 020 | _c300.00 | ||
| 035 | _aA-953386 | ||
| 037 | _bCen Lib/Ret | ||
| 040 |
_aDPL _bEN |
||
| 082 |
_a260.35 _bRAJ |
||
| 100 |
_aRaju, Karam Singh _912663 |
||
| 245 |
_aGuru Govind Singh : _cby Karam Singh Raju _bprophet of peace / |
||
| 260 |
_aChandigarh _bRatna Memorial Chartable Trust _c1999 |
||
| 270 |
_a315, Sector 35-A, _bChandigarh _e160022 |
||
| 300 |
_axx,159p. : _c20cm(Hb) _bcol.ill. |
||
| 500 | _aIncludes bibliographical references and index. | ||
| 650 |
_aGobind Singh, -- Guru, -- 1666-1708. _974255 |
||
| 650 |
_aSikh gurus. _974256 |
||
| 942 |
_2ddc _cEN _h260.35 _mRAJ |
||
| 999 |
_c125007 _d125007 |
||